000 00428nam a2200169Ia 4500
008 221030s9999 xx 000 0 und d
020 _a8170292611
041 _aEnglish
082 _a105.23
_bAlt
100 _aR. B. Altman
245 0 _aMastering Pagemaker 5.0 for Windows
_cby R. B. Altman, R. Altman
260 _bBPB Pub
_aNew Delhi
_c1999
300 _a724
650 _aBE Computer
700 _aR. Altman
942 _cBK
999 _c7221
_d7221